The classical theory of fields

محفوظ في:
التفاصيل البيبلوغرافية
المؤلف الرئيسي: Landau, Lev Davidovich (مؤلف)
مؤلفون آخرون: Lifshitz, Eugenii Mikhailovich (autor)
التنسيق: كتاب
اللغة:الإنجليزية
منشور في: Londres Pergamon Press 1962
الطبعة:2a. ed
الموضوعات:
الوسوم: إضافة وسم
لا توجد وسوم, كن أول من يضع وسما على هذه التسجيلة!

MARC

LEADER 00000nam a2200000 a 4500
001 UCH1707
003 CL-VaPUC
008 090507e19620000UK |||||||||||||||||eng|d
082 0 4 |a 530.14  |b LAN  |2 21 
100 |a Landau, Lev Davidovich  |e author  |9 579218 
700 |a Lifshitz, Eugenii Mikhailovich  |e autor  |9 561317 
245 1 4 |a The classical theory of fields 
250 |a 2a. ed 
300 |a 404 p 
942 |c BK 
945 |d 20090507 00:00:00  |a dcastane 
260 |a Londres  |b Pergamon Press  |c 1962 
650 7 |a TEORIA DE CAMPOS FISICA  |2 CL-VaPUC  |9 332273 
650 0 |a Relatividad  |9 269977 
650 0 |a Ondas electromagnéticas  |9 354947 
650 7 |a CAMPO GRAVITACIONAL  |2 CL-VaPUC  |9 536187 
583 |a last modification  |c 20090507 00:00:00  |k Rodrigo Vera 
999 |c 333622  |d 333620 
952 |0 0  |1 0  |4 0  |6 530_140000000000000_LAN_1962  |7 0  |8 A  |9 422154  |a BIBCUR  |b BIBCUR  |d 2019-11-22  |i 454398K  |l 3  |m 3  |o 530.14 LAN 1962  |p 454398K  |r 2025-04-22  |s 2024-12-06  |w 2019-11-22  |y BK  |k FIS